000 00364nam a2200133Ia 4500
005 20260328101508.0
008 260328s9999||||xx |||||||||||||| ||und||
100 _aTejeira Davis, Eduardo
245 0 _aCiudad del Saber :
_b Un Legado en Construcción /
_cEduardo Tejeira Davis
260 _bCiudad del Saber
300 _a144 p.
650 _aHISTORIA
942 _cBK
999 _c9089
_d9089